[Event "AUTO-OPEN-1026"]
[Site "http://www.queenalice.com/game.php?id=358964"]
[Date "2008.2.22"]
[Round "1"]
[White "schizo"]
[Black "iwinyoulose"]
[Result "0-1"]
[WhiteElo "1084"]
[BlackElo "2038"]

1. Nf3 Nf6 2. h4 d5 3. d3 c5 4. a4 Nc6 5. c3 e5 6. e4 dxe4 7. dxe4 Qxd1+ 8. Kxd1
Nxe4 9. b4 Nxf2+ 10. Kc2 Nxh1 11. b5 e4 12. Nh2 Ne5 13. Bf4 Ng6 14. Bc4 Nxf4 15.
Nd2 Ng3 16. Nhf1 Nxf1 17. Bxf1 Bf5 18. c4 e3+ 19. Kc3 exd2 20. Kxd2 O-O-O+ 21.
Ke3 Bd6 22. g3 Rhe8+ 23. Kf2 Nd3+ 24. Kf3 Be4+ 25. Ke3 Bg2+ 26. Kxd3 Be5+ 27.
Kc2 Bxa1 28. Bxg2 Re2+ 29. Kb3 Rd3# 0-1

[Event "AUTO-OPEN-1026"]
[Site "http://www.queenalice.com/game.php?id=358965"]
[Date "2008.2.22"]
[Round "1"]
[White "iwinyoulose"]
[Black "ray"]
[Result "0-1"]
[WhiteElo "1720"]
[BlackElo "1687"]

1. e4 c5 2. Nf3 Nc6 3. Bb5 Qc7 4. Nc3 a6 5. Bxc6 Qxc6 6. d4 e6 7. O-O d5 8. exd5
exd5 9. dxc5 Be6 10. b4 Rd8 0-1

[Event "AUTO-OPEN-1026"]
[Site "http://www.queenalice.com/game.php?id=358966"]
[Date "2008.2.22"]
[Round "1"]
[White "ray"]
[Black "iwinyoulose"]
[Result "1-0"]
[WhiteElo "1645"]
[BlackElo "1868"]

1. c4 c5 2. Nc3 Nc6 3. g3 g6 4. Bg2 Bg7 5. Nf3 e6 6. O-O Nge7 7. d3 O-O 8. Bg5
f6 9. Bf4 d5 10. cxd5 exd5 11. e3 1-0

[Event "AUTO-INT-804"]
[Site "http://www.queenalice.com/game.php?id=359032"]
[Date "2008.2.22"]
[Round "1"]
[White "iwinyoulose"]
[Black "kingg"]
[Result "0-1"]
[WhiteElo "1801"]
[BlackElo "1486"]

1. e4 e5 2. Nf3 d6 3. d4 exd4 4. Qxd4 Nc6 5. Bb5 a6 6. Bxc6+ bxc6 7. Nc3 Bg4 8.
Qd3 Rb8 9. Qxa6 Rxb2 10. Bxb2 Qb8 11. Rb1 Ne7 12. Ba1 Qd8 13. Qd3 Ng6 14. Ne2
Qa8 15. O-O Kd7 16. a3 Ne5 17. Nxe5+ Ke6 18. Nxg4 d5 19. Nf4+ Kd6 20. exd5 c5
21. Be5+ Kd7 22. Qb5+ Ke7 23. Qxc5+ Ke8 24. Qc6+ Qxc6 25. dxc6 f5 26. Rfe1 Be7
27. Bxc7 fxg4 28. Rb8+ Kf7 29. Rxh8 Bxa3 30. Rhe8 g5 31. Bb6 gxf4 32. c7 Bb4 0-1

[Event "AUTO-INT-804"]
[Site "http://www.queenalice.com/game.php?id=359033"]
[Date "2008.2.22"]
[Round "1"]
[White "kingg"]
[Black "iwinyoulose"]
[Result "0-1"]
[WhiteElo "1421"]
[BlackElo "2034"]

1. d4 Nf6 2. Nf3 e6 3. e3 b6 4. Bc4 Bb7 5. O-O d5 6. Bb5+ c6 7. Ba4 Bd6 8. b3 b5
9. c4 bxa4 10. cxd5 cxd5 11. bxa4 O-O 12. Qb3 Qe7 13. Nc3 Ba6 14. Re1 Nbd7 15.
e4 dxe4 16. Nxe4 Nxe4 17. Rxe4 Rab8 18. Qc3 Rfc8 19. Qa5 Bb7 20. Bg5 f6 21. Bh4
Bxe4 22. Qxa7 Ra8 23. Qxa8 Rxa8 24. Rc1 Bxf3 25. gxf3 Rxa4 26. f4 Bxf4 27. Rc8+
Kf7 28. Rh8 Nf8 29. f3 Rxa2 30. Bf2 Bxh2+ 31. Kxh2 Rxf2+ 0-1

[Event "AUTO-INT-804"]
[Site "http://www.queenalice.com/game.php?id=359036"]
[Date "2008.2.22"]
[Round "1"]
[White "iwinyoulose"]
[Black "amadeuswags"]
[Result "0-1"]
[WhiteElo "1821"]
[BlackElo "1709"]

1. e4 e5 2. Nf3 Nf6 3. Nxe5 Bd6 4. Nc4 Nxe4 5. d3 Ng5 6. Nxd6+ cxd6 7. Be2 Qe7
8. O-O O-O 9. Nc3 Nc6 10. Nd5 Qd8 0-1

[Event "Let's Play Chess!"]
[Site "http://www.queenalice.com/game.php?id=359362"]
[Date "2008.2.23"]
[Round "-"]
[White "Rutty"]
[Black "iwinyoulose"]
[Result "0-1"]
[WhiteElo "1962"]
[BlackElo "1947"]

1. e4 c6 2. Nf3 d5 3. exd5 cxd5 4. d4 Nf6 5. Nc3 Nc6 6. Bb5 e6 7. Bg5 Be7 8. O-O
O-O 9. Bxc6 bxc6 10. Ne5 Qc7 11. h3 Rb8 12. b3 c5 13. dxc5 Qxe5 14. Ne2 Qxg5 15.
c6 Ba6 16. Re1 Bxe2 17. Qxe2 Rfc8 18. c4 Rxc6 19. cxd5 Nxd5 0-1

[Event "Let's Play Chess!"]
[Site "http://www.queenalice.com/game.php?id=359366"]
[Date "2008.2.23"]
[Round "-"]
[White "proudpawn"]
[Black "iwinyoulose"]
[Result "1-0"]
[WhiteElo "1770"]
[BlackElo "1939"]

1. e4 c6 2. d4 d5 3. Nc3 dxe4 4. Nxe4 Bf5 5. Ng3 Bg6 6. h4 h6 7. Nf3 Nd7 8. h5
Bh7 9. Bd3 Bxd3 10. Qxd3 Qc7 11. Bd2 e6 12. O-O-O Ngf6 13. Ne4 O-O-O 14. g3 Nxe4
15. Qxe4 Nf6 16. Qe2 Bd6 17. c4 c5 18. Bc3 cxd4 19. Nxd4 a6 20. Nf3 1-0

[Event "Let's Play Chess!"]
[Site "http://www.queenalice.com/game.php?id=359378"]
[Date "2008.2.23"]
[Round "-"]
[White "iwinyoulose"]
[Black "Rutty"]
[Result "1-0"]
[WhiteElo "2001"]
[BlackElo "1979"]

1. e4 c5 2. Nf3 Nc6 3. Bb5 a6 4. Bxc6 bxc6 5. O-O g6 6. d3 Bg7 7. Nc3 Nf6 8. Be3
d6 9. h3 O-O 10. Qd2 Bb7 11. Bh6 e6 12. Bxg7 Kxg7 13. e5 dxe5 14. Nxe5 Qd4 15.
Rfe1 Rad8 16. Rad1 Nd7 17. Re4 Qd6 18. Nxd7 Rxd7 19. Na4 f6 20. Qe3 e5 21. Qxc5
Rfd8 22. Qxd6 Rxd6 23. Nc5 Ba8 24. Ra4 Rd5 25. Ne6+ 1-0

[Event "Let's Play Chess!"]
[Site "http://www.queenalice.com/game.php?id=359384"]
[Date "2008.2.23"]
[Round "-"]
[White "iwinyoulose"]
[Black "spawnwolfwolverine"]
[Result "0-1"]
[WhiteElo "2010"]
[BlackElo "1661"]

1. e4 e5 2. Nf3 d6 3. d4 f6 4. Bc4 Bg4 5. c3 a6 6. Qb3 b6 7. Bxg8 Rxg8 8. Qxg8
Bxf3 9. gxf3 h6 10. Rg1 Nc6 11. Rxg7 Ne7 12. Qh8 Qd7 13. Rxe7+ Qxe7 14. Bxh6
O-O-O 15. Bxf8 Rxf8 16. Qh3+ Kb7 17. Nd2 b5 18. O-O-O Kb6 19. Nb3 c5 20. dxc5+
dxc5 21. Qd7 Qxd7 22. Rxd7 c4 23. Nd2 a5 24. a4 bxa4 25. Nxc4+ Kb5 26. Ne3 Kc5
27. Rd5+ Kb6 28. Nc4+ Kc6 29. Nxa5+ Kb6 30. Nc4+ Kc6 31. Ne3 Rh8 32. Nf1 Rg8 33.
Kd2 Rg2 34. Ke2 Rg8 0-1

[Event "AUTO-OPEN-1027"]
[Site "http://www.queenalice.com/game.php?id=359490"]
[Date "2008.2.23"]
[Round "1"]
[White "Naamloos"]
[Black "iwinyoulose"]
[Result "1-0"]
[WhiteElo "1752"]
[BlackElo "2038"]

1. d4 Nf6 2. c4 e6 3. Nf3 Bb4+ 4. Nbd2 d5 5. Qa4+ Nc6 6. a3 Be7 7. e3 O-O 8. b4
Bd7 9. b5 Nb8 10. Qc2 dxc4 11. Bxc4 a6 12. bxa6 Nxa6 13. O-O c5 14. dxc5 Nxc5
15. Bb2 Ba4 16. Qb1 Bc6 17. Nd4 Bd5 18. Bxd5 Qxd5 19. N2f3 Rfd8 20. Qc2 1-0

[Event "AUTO-OPEN-1027"]
[Site "http://www.queenalice.com/game.php?id=359491"]
[Date "2008.2.23"]
[Round "1"]
[White "iwinyoulose"]
[Black "Naamloos"]
[Result "0-1"]
[WhiteElo "1905"]
[BlackElo "1823"]

1. e4 c5 2. Nf3 g6 3. c3 Bg7 4. d4 cxd4 5. cxd4 d5 6. e5 Nc6 7. h3 f6 8. Bb5 Bd7
9. Bxc6 Bxc6 10. O-O Nh6 11. exf6 exf6 12. Re1+ Kf7 13. Nc3 Re8 14. Rxe8 Qxe8
15. Bf4 Kg8 16. Qb3 Rd8 17. Re1 Qd7 18. Qa3 a6 19. Re7 Qf5 20. Bxh6 Bxh6 21.
Rxh7 Bf8 22. Qa5 Kxh7 23. Qxd8 Bg7 0-1

[Event "AUTO-OPEN-1027"]
[Site "http://www.queenalice.com/game.php?id=359516"]
[Date "2008.2.23"]
[Round "1"]
[White "iwinyoulose"]
[Black "vindaloo"]
[Result "0-1"]
[WhiteElo "1772"]
[BlackElo "1737"]

1. e4 e6 2. d4 d5 3. Nd2 c5 4. exd5 exd5 5. Ngf3 Nc6 6. Bb5 Bd6 7. dxc5 Bxc5 8.
O-O Ne7 9. Nb3 Bd6 10. Re1 O-O 11. Bg5 Bg4 12. Bh4 h6 13. Bg3 a6 14. Be2 Bxg3
15. hxg3 Bf5 16. c3 Qc7 17. Nfd4 Bh7 18. Bf3 Rad8 19. Qd2 Ne5 20. Re2 Nxf3+ 21.
Nxf3 Nf5 22. Nbd4 Nd6 0-1

[Event "AUTO-OPEN-1027"]
[Site "http://www.queenalice.com/game.php?id=359517"]
[Date "2008.2.23"]
[Round "1"]
[White "vindaloo"]
[Black "iwinyoulose"]
[Result "0-1"]
[WhiteElo "1882"]
[BlackElo "1983"]

1. e4 c6 2. d3 d5 3. Nd2 e5 4. Ngf3 Bd6 5. g3 Nf6 6. Bg2 O-O 7. Nb3 dxe4 8. dxe4
Nxe4 9. O-O Nf6 10. Bg5 h6 11. Bd2 Be6 12. c3 Qc7 13. Be3 Rd8 14. Qc1 Ng4 15.
Bd2 Nd7 16. Re1 Nc5 17. h3 Nd3 18. Qd1 Ngxf2 0-1

[Event "AUTO-OPEN-1027"]
[Site "http://www.queenalice.com/game.php?id=359518"]
[Date "2008.2.23"]
[Round "1"]
[White "iwinyoulose"]
[Black "yanpom"]
[Result "1-0"]
[WhiteElo "2022"]
[BlackElo "1852"]

1. e4 e5 2. Nf3 Nc6 3. Bb5 a6 4. Bxc6 dxc6 5. O-O Bd6 6. d4 exd4 7. Qxd4 f6 8.
Be3 c5 9. Qc3 Ne7 10. Bxc5 O-O 11. Bxd6 Qxd6 12. Nbd2 Qc6 13. Qxc6 Nxc6 14. Rad1
Bg4 15. h3 Bxf3 16. Nxf3 Nb4 17. c3 Nc6 18. Rd7 Rac8 19. Re1 Ne5 20. Nxe5 fxe5
21. Red1 Rfe8 22. f3 Kf8 23. Kf2 Re7 24. Ke3 Kf7 25. R1d5 Rxd7 26. Rxd7+ Kf6 27.
g3 h6 28. f4 Re8 29. Rxc7 exf4+ 30. gxf4 b6 31. Rc6+ Re6 32. Rxe6+ 1-0

[Event "AUTO-OPEN-1027"]
[Site "http://www.queenalice.com/game.php?id=359519"]
[Date "2008.2.23"]
[Round "1"]
[White "yanpom"]
[Black "iwinyoulose"]
[Result "1-0"]
[WhiteElo "1839"]
[BlackElo "1980"]

1. e4 c6 2. d4 d5 3. e5 c5 4. c3 Nc6 5. Nf3 Bg4 6. h3 Bxf3 7. gxf3 Qb6 8. Qb3
Qxb3 9. axb3 cxd4 10. Bb5 dxc3 11. bxc3 e6 12. Bxc6+ bxc6 13. Be3 Ne7 14. Rxa7
Rxa7 15. Bxa7 Ng6 16. Bd4 c5 17. Be3 Nxe5 18. f4 Ng6 19. O-O Bd6 20. Nd2 Bxf4
21. Ra1 Bxe3 22. fxe3 O-O 23. Ra5 Rc8 24. e4 d4 25. c4 h5 26. Nf3 Nf4 27. Kh2
Kh7 28. Ng5+ Kg6 29. h4 f6 30. Nf3 Nd3 31. Ra6 e5 32. Ra1 Rb8 33. Rb1 Nf2 34.
Nd2 1-0

[Event "AUTO-ADV-813"]
[Site "http://www.queenalice.com/game.php?id=359561"]
[Date "2008.2.23"]
[Round "1"]
[White "iwinyoulose"]
[Black "Jonny_Fake"]
[Result "1-0"]
[WhiteElo "1858"]
[BlackElo "1733"]

1. e4 e5 2. Nf3 Nc6 3. Bb5 d6 4. d4 exd4 5. Qxd4 Bd7 6. Bxc6 Bxc6 7. Nc3 Nf6 8.
Bg5 Be7 9. O-O-O Qd7 10. Rhe1 h6 11. e5 Nh7 12. exd6 cxd6 13. Rxe7+ Qxe7 14.
Bxe7 1-0

[Event "AUTO-ADV-813"]
[Site "http://www.queenalice.com/game.php?id=359562"]
[Date "2008.2.23"]
[Round "1"]
[White "Jonny_Fake"]
[Black "iwinyoulose"]
[Result "1-0"]
[WhiteElo "1846"]
[BlackElo "1886"]

1. e4 c6 2. d4 d5 3. Bd3 dxe4 4. Bxe4 Nf6 5. Bf3 Bf5 6. Nd2 Qxd4 7. Ne2 Qd6 8.
c3 e6 9. Qb3 Qc7 10. O-O Bd6 11. Nd4 Bg6 12. Nc4 Bxh2+ 13. Kh1 Bd3 14. Re1 Bxc4
15. Qxc4 O-O 16. Bg5 Nbd7 17. Bh4 Be5 18. Rad1 Rad8 19. b4 Nb6 20. Qe2 Bxd4 21.
cxd4 Nbd5 22. Bxd5 1-0

[Event "AUTO-ADV-813"]
[Site "http://www.queenalice.com/game.php?id=359563"]
[Date "2008.2.23"]
[Round "1"]
[White "iwinyoulose"]
[Black "Rutty"]
[Result "0-1"]
[WhiteElo "1939"]
[BlackElo "1913"]

1. e4 c5 2. Nf3 Nc6 3. Bb5 a6 4. Bxc6 bxc6 5. O-O g6 6. d3 Bg7 7. Nc3 d6 8. Be3
Nf6 9. h3 O-O 10. Qd2 Bb7 11. Bh6 e5 12. Bxg7 Kxg7 13. Rab1 Re8 14. b4 cxb4 15.
Rxb4 Qc7 16. Rfb1 Rab8 17. Qe3 a5 18. Qb6 Qxb6 19. Rxb6 Re7 20. Rxc6 Bxc6 21.
Rxb8 d5 22. Rc8 dxe4 23. Rxc6 exf3 24. Rxf6 Kxf6 25. Nd5+ Ke6 26. Nxe7 Kxe7 27.
gxf3 Kd6 28. Kf1 Kc5 29. Ke2 Kb4 30. c4 g5 0-1

[Event "AUTO-ADV-813"]
[Site "http://www.queenalice.com/game.php?id=359564"]
[Date "2008.2.23"]
[Round "1"]
[White "Rutty"]
[Black "iwinyoulose"]
[Result "1-0"]
[WhiteElo "1894"]
[BlackElo "1958"]

1. e4 c6 2. Nf3 d5 3. e5 Bg4 4. h3 Bxf3 5. Qxf3 Nd7 6. d4 e6 7. Nc3 c5 8. dxc5
Bxc5 9. Bf4 Ne7 10. Bb5 O-O 11. O-O Ng6 12. Bxd7 Qxd7 13. a3 Bd4 14. Rfe1 Bxc3
15. bxc3 Rac8 16. Bd2 Qa4 17. Ra2 Rc4 18. Rb2 b6 19. Rb3 Rfc8 20. g3 Re4 21.
Rxe4 dxe4 22. Qh5 Qd7 23. Be3 Qd5 24. Bd4 1-0